[Event "Corus"]
[Site "Wijk aan Zee"]
[Date "2003.01.25"]
[Round "12"]
[White "Bareev, Evgeny"]
[Black "Ivanchuk, Vassily"]
[Result "1-0"]
[WhiteElo "2729"]
[BlackElo "2699"]
[Annotator "Ftacnik,L"]
[PlyCount "67"]
[EventDate "2003.01.11"]
[EventType "tourn"]
[EventRounds "13"]
[EventCountry "NED"]
[EventCategory "18"]
[SourceTitle "CBM 093"]
[Source "ChessBase"]
[SourceDate "2003.04.01"]
[SourceVersion "1"]
[SourceVersionDate "2003.04.01"]
[SourceQuality "1"]

1. d4 Nf6 2. c4 e6 3. Nc3 Bb4 4. Qc2 d5 5. cxd5 Qxd5 6. e3 c5 7. Bd2 Bxc3 8.
bxc3 b6 9. Nf3 Bb7 10. Be2 Nbd7 11. O-O Rc8 12. c4 Qe4 (12... Qd6 13. Bc3 Bxf3
(13... cxd4 14. Nxd4 Qc5 15. Qa4 a6 16. Bb4 $14) 14. Bxf3 cxd4 15. Bxd4 e5 16.
Bb2 $11) 13. Bd3 Qg4 14. d5 $5 {[%mdl 4] Bareev have started the magnificient
concept with an attempt to refute black's build up. It is not fair to blame
him for the fact, that with most exact play black could have defended
sucessfully.} (14. h3 Qh5 15. Be2 O-O $11) 14... exd5 15. cxd5 Bxd5 (15... Nxd5
16. Bf5 Qh5 (16... Nb4 17. Bxb4 Qxb4 18. Rfb1 Qa3 19. Bxd7+ Kxd7 20. Qf5+ Ke7
21. Ng5 $18) 17. Qe4+ Kd8 18. g4 Qh6 19. Bxd7 Kxd7 20. Ne5+ $16) 16. e4 $1 Bb7
(16... Bxe4 $2 17. Rfe1 $18) (16... Nxe4 17. Rae1 (17. h3 Qe6 18. Rae1 f5 19.
Ng5 Qf6 20. f3 Qd4+ 21. Be3 Qc3 22. fxe4 Qxc2 23. Bxc2 $18) 17... f5 18. Ng5
Ne5 (18... O-O 19. f3 Qh4 20. fxe4 fxe4 21. Bc4 $18) 19. Bb5+ Kd8 20. f3 Nxf3+
21. Nxf3 $18) 17. h3 Qh5 (17... Qe6 18. e5 Nd5 19. Bf5 Qc6 20. e6 fxe6 21. Bxe6
Nc7 22. Bf5 O-O 23. Bxh7+ Kh8 24. Rfe1 $14) 18. e5 Nd5 $6 {This jump still
manages to keep good chances, but Ivanchuk is accepting a big risk factor. Two
other moves would have promised a bit more peaceful life.} (18... c4 19. exf6 (
19. Bf5 g6 $1 $17) 19... cxd3 20. fxg7 (20. Qxd3 O-O 21. Qxd7 Bxf3 22. gxf3
Rcd8 $15) 20... Rg8 21. Rfe1+ Kd8 22. Bg5+ Qxg5 (22... f6 23. Qb3 Rxg7 24. Nd4
$1 $16) 23. Qxc8+ Kxc8 24. Nxg5 Rxg7 25. Ne4 $11) (18... Bxf3 $5 19. exf6 (19.
gxf3 Nxe5 20. Rae1 O-O $19) 19... gxf6 $1 20. Rfe1+ Ne5 (20... Kd8 $6 21. gxf3
Qxh3 22. Bf4 Rg8+ 23. Bg3 $16) 21. Bf4 (21. gxf3 Rg8+ 22. Kf1 Qxh3+ 23. Ke2
Qxf3+ 24. Kf1 Qg2+ $15) 21... Rg8 22. Bg3 Bc6 23. Bxh7 $13) 19. Rae1 Nb4 (19...
O-O 20. Ng5 $1 Nb4 (20... h6 21. Ba6 Qxg5 22. Bxg5 Bxa6 23. Qd1 hxg5 24. Qxd5
$16) (20... g6 21. Be2 Qh4 22. Bg4 Bc6 23. e6 $18) 21. Bxh7+ Kh8 22. Qb1 Ba6 (
22... g6 23. e6 Nf6 24. Nxf7+ Kxh7 25. Re5 Qh4 26. Bg5 $18) (22... Bd5 23. a3
$1 (23. Bf5 Bxa2 24. Qa1 Rcd8 25. g4 Qh4 26. Bxb4 (26. Nh7 $2 Qxh3 27. Re3 Qh4
28. Nxf8 Bd5 $17) 26... Qxg5 27. Qxa2 cxb4 28. Qxa7 Nc5 29. Qxb6 $14) 23... Nc6
24. Bf5 Ncxe5 25. f4 Nc4 26. Qd3 Nxd2 27. Qxd2 Nf6 28. Bxc8 Rxc8 29. Re5 $16)
23. Bf5 Bxf1 24. Kxf1 Rc7 25. Bg4 Qg6 26. Qxg6 fxg6 27. Bxb4 cxb4 28. Ne6 $18)
20. Bxb4 cxb4 (20... Bxf3 21. gxf3 Qg5+ (21... Qxh3 22. Bf5 $16) 22. Kh1 Qh4
23. Bf5 Qxb4 24. e6 $18) 21. Qd2 Bxf3 (21... O-O 22. Ng5 h6 23. Nxf7 $5 (23.
Bh7+ Kh8 24. Qxd7 Bxg2 25. Nxf7+ Kxh7 26. Kxg2 Qg6+ 27. Kh2 Qxf7 $11) 23... Rc3
24. Re3 (24. Nd6 Bxg2 25. Kxg2 Qf3+ 26. Kg1 Rxd3 $19) 24... Qxf7 (24... Rxf7
25. e6 $14 Rf8 26. exd7 Qd5 27. Bc4 Qxc4 28. Re8 Rd3 29. Qe2 $18) 25. e6 Qf6
26. exd7 Bc6 27. Bb5 Bxb5 28. Qd5+ Qf7 29. d8=Q $14) 22. e6 $3 Nf6 (22... Ne5
23. exf7+ Kxf7 (23... Kf8 24. Bf5 $1 Qxf5 25. Qd6+ Kxf7 26. Rxe5 Qf6 27. Qd7+
Kg6 28. Re6 $16) 24. Qf4+ Ke6 25. g4 Rhf8 26. Bc4+ Rxc4 27. Qxc4+ Bd5 28. Qd4
Kd6 29. Qxb4+ Kd7 30. Qa4+ Kd8 31. gxh5 Nf3+ 32. Kg2 Nxe1+ 33. Kg3 Rf3+ 34. Kh2
$18) (22... fxe6 23. Rxe6+ Kd8 $1 (23... Kf7 24. Bg6+ hxg6 25. Qxd7+ Kg8 26.
Qxc8+ Kh7 27. Qd7 $18) (23... Kf8 24. Bc4 (24. Ba6 Bd5 25. Rd6 $18) 24... Rxc4
25. Qxd7 Re4 26. Qe7+ Kg8 27. Rxe4 Bxe4 28. Rc1 Bf5 29. Rc7 $18) 24. gxf3 (24.
Rd6 Bc6 25. Be4 Ba4 26. Qxb4 Qa5 $19) 24... Rc5 $1 25. Rd6 (25. Qxb4 Qxh3 26.
Qg4 Qxg4+ 27. fxg4 Rd5 $17) 25... Ke7 (25... Qxh3 26. Bb5 Rxb5 27. Rd1 Rc5 28.
Rxd7+ Kc8 29. Rxa7 Qxf3 30. Rxg7 $11) 26. Rd4 Qg5+ 27. Qxg5+ Rxg5+ 28. Kh2 Ne5
29. Re1 Rd8 $17) 23. Qf4 O-O $2 {Even the world's best players are not
machines and under pressure they make mistake and inaccuracies. The defender
is sidestepping the last chance to punish Bareev for very courageous concept,
after the castling it will be white who celebrates victory.} (23... Bd5 $1 24.
Qd6 (24. Ba6 Qg6 25. f3 O-O 26. e7 Rfe8 27. Bxc8 Rxc8 28. Qc7 Re8 $17) (24. Re5
Qh6 25. Bb5+ Ke7 26. Qxb4+ Rc5 $19) (24. e7 Nd7 25. Bf5 (25. Bb5 Qg6 26. f3 Be6
27. Rxe6 Qxe6 28. Rd1 Rc6 $19) 25... Bc6 26. Rc1 Qh6 27. Qxh6 gxh6 $19) 24...
fxe6 25. Rxe6+ (25. Re5 Qh6 26. Rxe6+ Bxe6 27. Qxe6+ Kd8 28. Bf5 Kc7 29. Qe7+
Kb8 $19) 25... Bxe6 (25... Kf7 26. Rxf6+ gxf6 27. Qd7+ Kf8 28. Qxc8+ Kg7 29.
Qc7+ $14) 26. Qxe6+ Kd8 27. Bf5 Rc7 28. Qd6+ Nd7 29. Bxd7 Qc5 $19) 24. e7 Rfe8
25. Re5 $1 Nd5 (25... Qh6 26. Qxf3 Rc3 27. Qe2 $16) 26. Qg3 Nxe7 (26... Qh6 27.
Qxf3 Nxe7 28. Bb5 (28. Rfe1 Rc1 29. Bb5 Qd2 30. Kf1 Rxe1+ 31. Rxe1 Rd8 32. Rxe7
Qxa2 33. g3 $16) 28... Qf6 (28... f6 29. Re6 Kf8 30. Bxe8 Rxe8 31. Rfe1 $18)
29. Qxf6 gxf6 30. Re3 Kf8 31. Bxe8 Kxe8 32. Rfe1 $16) 27. Rxh5 Bxh5 28. Re1 Nd5
(28... Bg6 29. Bb5 Nf5 30. Rxe8+ Rxe8 31. Qc7 Re1+ 32. Kh2 $16) 29. Rxe8+ Rxe8
30. Bc4 $1 {Black pieces are too poorly coordinated so his resistance will be
very short.} Nc3 31. Qc7 b5 32. Bb3 a6 (32... a5 33. Qxa5 Bg6 34. Qxb4 $18) 33.
f4 Ne2+ (33... a5 34. Qxa5 Bg6 35. Qxb4 $18) 34. Kh2 (34. Kh2 a5 35. g4 a4 36.
Bd5 Nc3 37. Qd7 Rf8 38. gxh5 $18) 1-0

[Event "Sigeman & Co 11th"]
[Site "Malmo"]
[Date "2003.05.08"]
[Round "9"]
[White "Ivanchuk, Vassily"]
[Black "Hillarp Persson, Tiger"]
[Result "1/2-1/2"]
[WhiteElo "2704"]
[BlackElo "2474"]
[Annotator "Erenburg,S"]
[PlyCount "36"]
[EventDate "2003.04.29"]
[EventType "tourn"]
[EventRounds "9"]
[EventCountry "SWE"]
[EventCategory "13"]
[SourceTitle "CBM 095"]
[Source "ChessBase"]
[SourceDate "2003.07.25"]
[SourceVersion "1"]
[SourceVersionDate "2003.07.25"]
[SourceQuality "1"]

1. e4 g6 2. d4 Bg7 3. Nf3 d6 4. Be2 Nf6 5. Nc3 O-O 6. O-O Bg4 7. Be3 Nc6 8. h3
{In my opinion, this move promises white a nice position with a pair of
bishops. I think that after exchanging on f3, white's chances are preferable
thanks to his light-squared bishop, which is going to take control over the
light-squares without any "competition", as it hasn't black opponent.} (8. Nd2
$5 {1/2-1/2 Stefansson,H-Hansen,S/Esbjerg 2002/CBM 91/[Finkel,A] (60)}) (8. Ng5
$5) 8... Bxf3 9. Bxf3 e5 10. dxe5 {I am not sure that this move is the most
principal one. White has option of d4-d5, after which he keeps more square:} (
10. d5 Ne7 11. Nb1 (11. Qd3 $5) 11... Nd7 12. c4 f5 13. Nc3 Nf6 14. Rc1 b6 15.
Be2 Nxe4 16. Nxe4 fxe4 17. Qc2 Nf5 18. Qxe4 Bh6 $11 {1/2-1/2 Moldovan,
D-Nevednichy,V/Bucharest 1997/CBM 60 (66)}) 10... dxe5 11. Nb5 {White has
another options to fight for the advantage:} (11. Ne2 {1-0 Abramovic,
B-Kochetkov,G/Noyabrsk 1995/CBM 48/[Stohl] (51)}) (11. Qxd8 $6 {0-1 Sulskis,
S-Smirin,I/Pula 1997/CBM 57 ext/[Yudasin,L] (44)}) 11... Qe7 ({Probably the
following continuation promises equality to black.} 11... a6 12. Qxd8 Rfxd8 13.
Nxc7 Rac8 14. Nd5 Nxd5 15. exd5 Nd4 16. Bxd4 exd4 {1/2-1/2 Gufeld,E-Matulovic,
M/Belgrade 1974/EXT 2001 (16)}) 12. c3 Nd8 {[%cal Yd8e6] Black doesn't hurry
to play a7-a6, as he knows, that it will be long time before white plays Na3,
maybe even without a7-a6.} 13. Na3 $146 {Thie position appeared for the first
time, according to my database.} ({My feeling that white has more chances after
} 13. a4 Ne6 14. a5 (14. Nxa7 c6) 14... b6 15. axb6 axb6 16. Na7 Nc5 17. b4 Nb7
18. Qd3 h5 19. Be2 Nd6 20. f3 Kh7 21. Qd2 Qe6 22. Nb5 Nxb5 23. Bxb5 $14 {
1/2-1/2 Li Shilong-Smirin,I/Beijing 1996/CBM 54 ext (87)}) (13. Nxa7 c6 {
[%cal Ya7b5,Gc6b5]}) 13... a5 14. Nc4 b5 {Black is going to the most principal
continuation, after which it looks like white has to take on e5, otherwise his
manouevres look very dubious.} (14... Qe6 15. Qb3 a4 16. Qb5 $14) (14... a4 15.
b4 $1 $14 {[%cal Yd1c2,Yf1d1,Ge3c5]}) 15. Nxe5 $2 {Very logical, but not the
best continuation.} ({The following move looks very strange, but probably it
promises slight advantage for white.} 15. Nd2 {[%cal Ga2a4]} a4 16. b3 (16. Be2
c6 17. b3 axb3 18. axb3 Ne6 19. Qc2 $14 {/=}) 16... Ne6 17. bxa4 Rxa4 18. c4 c6
19. Be2 Qd7 20. cxb5 cxb5 21. Rb1 $14) (15. Na3 c6 16. Nc2 Ne6 $11) 15... Qxe5
16. Bd4 Qe6 $8 17. Bxf6 ({Worse is} 17. e5 Nd5 18. Bc5 (18. a4 Nc6 19. axb5
Nxd4 20. Qxd4 Rfd8 $17 (20... c6 $17)) 18... c6 19. Bxf8 Kxf8 $15) 17... Bxf6
$2 {Black misses a much more attractive continuation:} (17... Qxf6 $1 18. e5
Qa6 19. Bxa8 Qxa8 20. f4 Ne6 $15 21. f5 gxf5 22. Rxf5 Qe4 $15) 18. e5 Rb8 {
The final position is slightly better for white, but, probably the tournament
situation of Ivanchuk allowed to accept the draw.} ({For instance:} 18... Rb8
19. exf6 Qxf6 20. Qd4 $1 Qxd4 21. cxd4 Ne6 22. Rfd1 Rfd8 23. d5 Ng5 24. Be2 Ne4
25. Rac1 Rd7 26. Rc6 $14) 1/2-1/2

[Event "EU-ch 4th"]
[Site "Istanbul"]
[Date "2003.06.13"]
[Round "13"]
[White "Ivanchuk, Vassily"]
[Black "Alekseev, Evgeny V"]
[Result "1-0"]
[WhiteElo "2704"]
[BlackElo "2607"]
[Annotator "Wedberg,T"]
[PlyCount "117"]
[EventDate "2003.05.30"]
[EventType "swiss"]
[EventRounds "13"]
[EventCountry "TUR"]
[SourceTitle "CBM 096"]
[Source "ChessBase"]
[SourceDate "2003.09.25"]
[SourceVersion "1"]
[SourceVersionDate "2003.09.25"]
[SourceQuality "1"]

1. e4 {Ftacnik} e5 2. Nf3 Nc6 3. Bb5 Nf6 4. d3 d6 5. O-O Be7 6. Re1 O-O 7. c3
Bd7 8. Nbd2 Re8 9. Nf1 Bf8 10. Bg5 h6 (10... Ne7 $5 11. Bxf6 Bxb5 12. Bg5 Qd7
13. Ng3 f6 14. Be3 Kh8 15. d4 Qe6 16. a4 Bd7 17. d5 Qf7 $13 {0-1 Marta,M-Spano
Cuomo,G/Palocco 1998/EXT 2001 (40)}) 11. Bh4 Be7 12. a4 {Ftacnik: 'Ivanchuk is
not afraid of the peaceful position from the opening, in the fight he can lean
on his excellent positional feeling.'} Nh7 13. Bg3 (13. Bxe7 {Ftacnik} Qxe7 14.
Ne3 Nf6 15. a5 a6 16. Bc4 $14) 13... Bg4 14. h3 Bh5 15. N1h2 a6 (15... Ng5 {
Ftacnik} 16. Ng4 Bxg4 17. hxg4 Qd7 18. Nd2 a6 19. Bc4 Nh7 20. Nf1 $14) 16. Bc4
Qc8 17. Qc2 Kh8 18. Nh4 Bg5 (18... Bxh4 {Ftacnik} 19. Bxh4 Qd7 20. Nf1 $14) 19.
f3 {[%mdl 16] It's interesting to see how slowly Ivanchuk develops his game.
Black seems to make reasonable moves but White just plays on and improves his
position.} Qd8 20. Qf2 (20. Nf5 {Ftacnik} Bg6 21. Ng4 Bxf5 22. exf5 Qd7 $13)
20... Bf4 21. Nf5 (21. Bxf4 {Ftacnik} exf4 22. d4 Qg5 $13) 21... Bg6 22. Ne3 {
Ftacnik: 'From e3 the knight is controlling the sensitive squares d5 and f5. '}
Bxg3 (22... Bxe3 {Ftacnik} 23. Rxe3 Qd7 24. f4 (24. a5 f5 $1) 24... Na5 25. Ba2
exf4 26. Bxf4 Qxa4 27. Nf3 Qd7 28. Nh4 $36) 23. Qxg3 Nf6 24. Qf2 Nh5 25. g3 {
White prepares to expand with f4. The key to Whites play is the excellent
control he keeps over d5.} Rf8 26. Kh1 Qd7 27. h4 Ne7 (27... Qh3 {Ftacnik} 28.
Rg1 Nf6 29. g4 $14) 28. Ng2 Bh7 (28... Qh3 $2 {Ftacnik} 29. g4 Ng3+ 30. Kg1
Rae8 31. f4 $18) 29. Bb3 Qc6 30. g4 Nf6 (30... Nf4 {Ftacnik} 31. Nxf4 exf4 32.
a5 $14) 31. a5 Qd7 32. d4 {Ftacnik: 'White's advantage is based to a great
degree on the unfortunate location of the bishop h7.'} Nc6 (32... Qb5 {Ftacnik}
33. Ra3 Rad8 34. Ne3 $14) 33. Nf1 h5 34. g5 Ng8 35. Ba4 Qh3+ 36. Nh2 f6 37. f4
$1 Qc8 {This looks like a mistake, but there seems to be no better move.} (
37... fxg5 38. hxg5 $1 (38. f5 $6 {[%cal Ye1e3]} Nf6 $1 39. hxg5 (39. Re3 $4
Ng4 $19) 39... Ng4 40. Qh4 Nxa5 $1 $13) 38... Nge7 39. f5 $16) 38. Qg3 Nge7 39.
Bxc6 bxc6 (39... Nxc6 40. g6 $18) 40. f5 {'!' Ftacnik. Black is suffocating
and tries a break out.} Bxf5 {Ftacnik: 'Alekseev is desperate, since his
bishop has become a complete statist on the board.'} 41. exf5 Nxf5 42. Qf3 g6
43. gxf6 exd4 44. Nf4 Rxf6 45. Rg1 Kh7 46. Nxg6 $1 {Ivanchuk ends the game
with an attack.} Rxg6 47. Rxg6 {Ftacnik: 'Rather symptomatic solution for the
very strong player. White has a winning advantage, but he doesn't have to rush
the win in the quickest manner.'} Kxg6 48. Rg1+ Kf6 49. Qxh5 c5 50. Rg5 dxc3 (
50... Ne7 51. Qf3+ Ke6 52. Qe4+ Kd7 53. Rg7 $18) 51. Ng4+ Ke6 52. Rxf5 Qe8 53.
Rf6+ Kd7 54. Qf5+ Kc6 55. Ne5+ {Ftacnik: 'Black king will not find a peaceful
moment even on the queenside, white is playing shamelessly for mate.'} Kb5 56.
Re6 Qh8 57. Qd3+ Kxa5 58. Qxc3+ Ka4 59. Qa3+ 1-0

[Event "EU-Cup 19th"]
[Site "Rethymno"]
[Date "2003.10.03"]
[Round "6.1"]
[White "Bareev, Evgeny"]
[Black "Ivanchuk, Vassily"]
[Result "0-1"]
[WhiteElo "2721"]
[BlackElo "2710"]
[Annotator "Golod,V"]
[PlyCount "82"]
[EventDate "2003.09.28"]
[EventType "team-swiss"]
[EventRounds "7"]
[EventCountry "GRE"]
[SourceTitle "CBM 098"]
[Source "ChessBase"]
[SourceDate "2004.02.03"]
[SourceVersion "1"]
[SourceVersionDate "2004.02.03"]
[SourceQuality "1"]
[WhiteTeam "Sarajevo Bosna"]
[BlackTeam "Warsaw Polonia"]
[WhiteTeamCountry "BIH"]
[BlackTeamCountry "POL"]

1. d4 Nf6 2. c4 e6 3. Nc3 Bb4 4. Qc2 c5 5. dxc5 O-O 6. a3 Bxc5 7. Nf3 b6 8. Bf4
Bb7 (8... Nh5 $5 {It's main line.You can see annotations to Gershon,A-Macieja,
B/Bermuda,2003/CBM 94(1-0)(Golod,V)(62)}) 9. Rd1 ({Is a possible continuation
of the play:} 9. e3 $5 {See comments to Maksimenko,A-Ovsejevitsch,S/Nikolaev,
1993/CBM 35(1-0)(Belov)(35)}) 9... Nc6 $5 ({From my point of view,it was
dubiously:} 9... Bxf3 $6 {You can see comments to Ivanchuk,V-Zvjaginsev,V/
Elista,1998/CBM 65(1-0)(Gershon,A)(26)}) ({Also were checked up in previous
games:} 9... Nh5 $5 {9...a6; 9...d5?!; 9...Qc8; 9...Ng4?! and 9...Be7.}) 10. e4
{It was checked in the previous games:} (10. e3 $5 {You can see annotations to
game: Lalic,B-Motwani,P/Hastings,1996/CBM 57(1/2-1/2) (Alterman,B)(24)}) (10.
b4) ({and} 10. h3 $5 {[%csl Yh2,Yh3][%cal Yh3g4,Yf4h2]}) 10... Ne7 $5 {[%csl
Ye7,Rf4][%cal Ye7g6] Usually the games,which have reached this position were
continued as follows:} (10... Ng4 {See comments to Lautier,J-Wahls,M/
Baden-Baden,1992/CBM 33(1-0)(Ftacnik,L)(37)}) (10... Nh5 $5) (10... Rc8) ({or:
} 10... e5 $5 {[%csl Re1,Re4]}) 11. h3 $146 {[%csl Yf4][%cal Yf4h2] White want
to keep the bishop.} ({Also were checked in the preceding game:} 11. Be2 Ng6
12. Bg3 (12. Bc1 $143 a6 13. O-O Qc7 14. Nd4 Rac8 15. Kh1 Rfe8 16. f4 $6 Bxd4
17. Rxd4 e5 $1 18. fxe5 Qxe5 $15 {[%csl Rd4,Re4] Krush,I-Serper,G/Seattle,2003
(1/2-1/2)(57)}) 12... Nh5 {[%csl Rg3]} 13. Qd2 (13. Bd6 Bxd6 14. Rxd6 Qe7 $11)
13... Nxg3 (13... Bc6 $143 14. Nd4 (14. b4 $5) 14... Nxg3 15. hxg3 Qf6 16. b4
Bxd4 17. Qxd4 Qxd4 18. Rxd4 $14 {Ivanov,Se-Serper,G/Azov,1991(1/2-1/2)(40)})
14. hxg3 Bc6 15. Rh5 Qb8 16. Kf1 Rd8 $11 {Suba-Grunberg,HU/Sochi,1983(26)(0-1)}
) 11... Ng6 12. Bh2 Nh5 {[%csl Rf4]} 13. Qd2 Nf6 $1 {[%csl Re4] Sometimes it
is desirable to repeat the moves.} 14. Qc2 {Besides this move,White has three
principales moves:} (14. Bd3 $6 d5 $1 15. exd5 exd5 $11 {[%csl Re1]} 16. Bxg6
$140 $6 hxg6 17. cxd5 Re8+ $36) (14. e5 $5 Ne4 {[%csl Rd2,Rf2]} (14... Bxf3 $2
15. gxf3 Nh5 16. b4 Be7 17. f4 $1 {[%csl Rd7,Rh5][%cal Gf1e2]}) 15. Nxe4 Bxe4
16. Be2 (16. Qxd7 $6 Bxf3 17. gxf3 Qh4 {[%csl Rf2]} 18. Bg3 Qh5 $36 {[%csl Re5,
Rf3]}) 16... a5 17. O-O {+/=/=}) (14. b4 {The same position has met in ours
game,after 16.b4.}) 14... Nh5 15. Qd2 {Evgeny Bareev decided to continue the
game and to not repeat moves.} Nf6 16. b4 {In my opinion,it's discrepancy,
which allows to improve a position of the Black's pieces.} ({Can be
recommended:} 16. e5 {(see comments to 14.e5)}) 16... Be7 17. Bd3 {White had
no other worthy alternative:} (17. e5 $6 Ne4 18. Nxe4 Bxe4 19. Be2 (19. Qxd7 $6
a5 $36 {[%csl Ra3,Rb4]}) 19... a5 20. O-O axb4 21. axb4 Qc7 $11) 17... a5 $1 {
[%csl Ra3,Rb4] Now Black has,as a minimum,an equal position.} 18. Qb2 ({
Leads to favourable complications for Black:} 18. e5 $2 axb4 19. axb4 (19. exf6
$2 bxc3 {[%csl Rd2,Re1][%cal Gc3d2]}) 19... Bxb4 $1 20. Qb2 (20. exf6 $2 Qxf6
$19 {[%csl Ga8,Gb4,Rc3,Gf6][%cal Ga8a3]}) (20. Bxg6 $2 fxg6 21. exf6 Bxf3 {
[%csl Rc3][%cal Gd8f6,Ga8a3]} 22. fxg7 Bxd1 23. gxf8=Q+ Qxf8 {[%csl Ga8,Rh1]
[%cal Ga8a1]} 24. O-O Bb3 $19) 20... Bxc3+ 21. Qxc3 Ne4 {=/+/-/+}) 18... Nh5 {
[%csl Rf4][%cal Gh5f4] And,nevertheless Black's knight will penetrate on point
"f4".} 19. O-O Nhf4 20. Rfe1 {White continue to play without the concrete plan.
} (20. Ne5 $5 Nxe5 21. Bxf4 axb4 22. axb4 Bf6 $11 (22... Nxd3 $2 23. Rxd3 $14 {
[%csl Rd7][%cal Yb2b3,Gf1d1]})) 20... axb4 21. axb4 f5 $1 {[%csl Yd3,Re4][%cal
Gf4d3,Yd3e4] All Black's pieces have occupied ideal positions and are ready to
opening a position.} 22. Nd4 $2 {It was necessary to play on the equation of a
position:} (22. Re3 $5 {[%csl Ye3][%cal Ye3d3,Ye3f3]}) 22... Nxd3 23. Rxd3 {
[%csl Rd8][%cal Gd4e6]} Qc8 {[%csl Rc4] The game of Black corresponds to the
requirements of a position.} 24. Ndb5 ({It was weakly:} 24. Qb3 $2 {because of:
} fxe4 25. Nxe4 Bxe4 26. Rxe4 $140 Qxc4 $1 {[%csl Rg1]} (26... Ra1+ $5 27. Rd1
Rxd1+ 28. Qxd1 Qxc4 $17) 27. Qxc4 Ra1+ 28. Rd1 Rxd1+ 29. Qf1 Rxf1+ 30. Kxf1 Rc8
{-/+/-+} (30... Bxb4 $2 31. Nxe6 $11 {[%csl Rb4,Rf8]})) (24. exf5 $143 Qxc4 $17
{[%csl Rd3][%cal Ge6f5]}) 24... fxe4 25. Nd6 (25. Nxe4 {is refuted by:} Qxc4
$19 {[%csl Rb5,Gb7,Gc4,Rd3,Re4]}) {[%tqu "En","Please enter the best move for
Black.","","","e4d3","Black have calculated precisely all consequences of this
move.",10,"e7d6","",0]} 25... exd3 $3 {Black have calculated precisely all
consequences of this move.} (25... Bxd6 $143 26. Rxd6 {[%csl Rb6,Rd7,Re4]} Qxc4
27. Rxd7 {[%csl Gb2,Gd7,Rg7]} Rf7 {=/=/+}) 26. Nxc8 Raxc8 {[%csl Rc4]} 27. Qd2
{White can not simultaneously protect all weaknesses:} (27. Qb3 Nf4 28. Ra1 (
28. Bxf4 Rxf4 {[%csl Rc4]}) 28... Nxg2 29. Ra7 Bc6 30. b5 Bf3 31. Rxd7 Bc5 $36
{[%csl Rb3,Gf8,Rg1][%cal Gc5f2,Yf3d1]}) 27... Bxb4 28. Qxd3 Nh4 $1 $17 {
[%csl Gb7,Rg2,Gh4][%mdl 1024] This move a little bit better,than:} (28... Ba6 {
[%csl Rc4]} 29. Bd6 Bxc4 30. Qg3 Bxc3 31. Qxc3 Rf5 $17) 29. Rb1 {Is very
difficult to give good advice for White.} ({Leads to hopeless position:} 29. f3
$2 Nxf3+ $1 30. gxf3 Rxf3 $19 31. Qxd7 $140 $2 Bc5+ {[%csl Gb7,Yc5,Rd7,Rg1]
[%cal Gf3f7]} 32. Kg2 Rf2+ $1 (32... Rf7+ 33. Qxb7 Rxb7 $19) 33. Kg3 (33. Kg1
$144 Rg2+ 34. Kf1 (34. Kh1 Rg1#) 34... Rf8+) 33... Rg2+ 34. Kf4 (34. Kh4 g5+
35. Kh5 Bf3+ 36. Kh6 Bf8+) 34... Rf8+ 35. Ke5 Rg5+ 36. Kxe6 Rf6#) ({After:} 29.
Rc1 {immediately wins a game the following move:} Bxg2 $3 (29... Bc5 $6 30. Bg3
Nf5 31. Bf4 $15) (29... Nxg2 $143 30. Qxd7 (30. Ne4 $2 Nh4 31. Qxd7 Nf3+ 32.
Kg2 Bc6 $1 33. Qxe6+ $140 Kh8 $19 {[%csl Re4,Re6,Rg2]}) 30... Rf7 31. Qxe6 Nh4
32. Nd5 $15 {[%csl Yd5]}) 30. Bg3 $140 Bc6 $1 31. Bxh4 Rf3 {[%csl Rc3,Rg1,Rh4]
[%cal Gf3h3]} 32. Qf1 (32. Qd4 Rxh3 33. Ne4 Bc5 $1 $19 {[%csl Rd4,Re4,Rg1,Rh4]}
) 32... Bxc3 $19) 29... Bxc3 30. Qxc3 Bxg2 31. Bg3 ({Senselessly:} 31. Qg3 $2 {
in view of:} Rxc4 {[%csl Yc4][%cal Yc4h4]}) 31... Be4 {[%csl Rb1] The
important intermediate move.} 32. Rxb6 Rxc4 $1 $19 {Vassily Ivanchuk
excellently plays this game,without discrepancies!} 33. Qa3 ({Impossibly:} 33.
Qxc4 {because of:} Nf3+ {[%csl Rc4,Rg1][%cal Gf3d2]} 34. Kg2 Nd2+ {[%csl Rc4,
Rg2]} 35. Qxe4 Nxe4 $19 {[%csl Gd7,Ge6,Rf2,Gg7,Rh3,Gh7]}) 33... Nf3+ 34. Kf1 (
34. Kg2 $143 Rfc8 $19 {[%csl Rg2][%cal Gc4c1,Gc1g1]}) 34... Nd2+ 35. Kg1 ({
Hardly is better:} 35. Ke2 Rc2 {[%csl Ra3,Rb6,Gc2,Re2][%cal Gd2c4]}) ({or:} 35.
Ke1 Rc2 36. Rb8 Rxb8 37. Bxb8 Nf3+ 38. Kf1 d5 $19) 35... Rcc8 $5 {[%csl Yc8,
Yf8] Black do not give the contender to exchange RR in point "b8".} (35... e5
$5 $19 36. Bxe5 $140 $2 Nf3+ {[%csl Re5,Rg1]}) 36. Rb4 h5 $5 {[%csl Yh7][%cal
Yg8h7]} 37. h4 Rf3 {White can not find protection against numerous threats.}
38. Qb2 Rc2 39. Rb8+ (39. Qa1 $2 Rxg3+ $1 40. fxg3 Nf3+ 41. Kf1 (41. Kh1 Rh2#)
41... Bd3#) 39... Kh7 {[%csl Rb2,Gc2,Rg1][%cal Gc2c1]} 40. Qb5 Rc1+ 41. Kh2 Rf5
{[%csl Rb5,Rh2][%cal Gc1h1,Gf5b5] Final chord! Good achievement of my former
countryman, GM Vassily Ivanchuk!} 0-1